<?xml version="1.0" encoding="UTF-8"?>
<collection xmlns="http://www.loc.gov/MARC21/slim">
 <record>
  <leader>01871nam a22002177a 4500</leader>
  <controlfield tag="001">NCT_33268</controlfield>
  <controlfield tag="008">180426b        xxu||||| |||| 00| 0 vie d</controlfield>
  <datafield tag="999" ind1=" " ind2=" ">
   <subfield code="c">1603</subfield>
   <subfield code="d">1603</subfield>
  </datafield>
  <datafield tag="020" ind1=" " ind2=" ">
   <subfield code="c">40000</subfield>
  </datafield>
  <datafield tag="082" ind1="0" ind2="4">
   <subfield code="2">23rd ed.</subfield>
   <subfield code="a">309</subfield>
   <subfield code="b">Th300/T.1</subfield>
  </datafield>
  <datafield tag="100" ind1="1" ind2=" ">
   <subfield code="a">Lê Thị Vinh Thi</subfield>
   <subfield code="e">Chủ biên</subfield>
  </datafield>
  <datafield tag="245" ind1="1" ind2="0">
   <subfield code="a">Bách khoa tri thức phụ nữ Việt Nam</subfield>
   <subfield code="n">Tập 1</subfield>
   <subfield code="p">Đặc điểm giải phẫu - sinh lý - tâm lý và thẩm mỹ</subfield>
   <subfield code="c">Lê Thị Vinh Thi</subfield>
  </datafield>
  <datafield tag="260" ind1=" " ind2=" ">
   <subfield code="a">H.</subfield>
   <subfield code="b">Y học</subfield>
   <subfield code="c">2006</subfield>
  </datafield>
  <datafield tag="300" ind1=" " ind2=" ">
   <subfield code="a">335 tr.</subfield>
   <subfield code="b">Hình vẽ</subfield>
   <subfield code="c">21cm</subfield>
  </datafield>
  <datafield tag="520" ind1="3" ind2=" ">
   <subfield code="a">Cuốn sách đề cập có ý nghĩa thực tiễn, giúp trang bị kiến thức cao hơn kiến thức thường thức phổ thông, thấp hơn kiến thức chuyên ngành, phù hợp với đối tượng của cuốn sách. Sách được biên soạn theo một hướng mới là hệ thống hóa tri thức về người phụ nữ Việt Nam, đem đến cho người đọc những thông tin cập nhật, đầy đủ và hệ thống về từng chuyên đề cụ thể. Bố cục sách được phân chia rõ ràng, khoa học, hợp lý giúp người đọc dễ tiếp cận, nắm bắt.</subfield>
  </datafield>
  <datafield tag="653" ind1=" " ind2=" ">
   <subfield code="a">Y đa khoa</subfield>
  </datafield>
  <datafield tag="942" ind1=" " ind2=" ">
   <subfield code="2">ddc</subfield>
   <subfield code="c">BK</subfield>
  </datafield>
  <datafield tag="952" ind1=" " ind2=" ">
   <subfield code="0">0</subfield>
   <subfield code="1">0</subfield>
   <subfield code="2">ddc</subfield>
   <subfield code="4">0</subfield>
   <subfield code="6">309_000000000000000_TH300_T_1</subfield>
   <subfield code="7">0</subfield>
   <subfield code="9">7671</subfield>
   <subfield code="a">000001</subfield>
   <subfield code="b">000001</subfield>
   <subfield code="d">2018-04-26</subfield>
   <subfield code="o">309 Th300/T.1</subfield>
   <subfield code="p">MD.11076</subfield>
   <subfield code="r">2018-04-26</subfield>
   <subfield code="v">40000.00</subfield>
   <subfield code="w">2018-04-26</subfield>
   <subfield code="y">BK</subfield>
  </datafield>
  <datafield tag="952" ind1=" " ind2=" ">
   <subfield code="0">0</subfield>
   <subfield code="1">0</subfield>
   <subfield code="2">ddc</subfield>
   <subfield code="4">0</subfield>
   <subfield code="6">309_000000000000000_TH300_T_1</subfield>
   <subfield code="7">0</subfield>
   <subfield code="9">7672</subfield>
   <subfield code="a">000001</subfield>
   <subfield code="b">000001</subfield>
   <subfield code="d">2018-04-26</subfield>
   <subfield code="o">309 Th300/T.1</subfield>
   <subfield code="p">MD.11758</subfield>
   <subfield code="r">2018-04-26</subfield>
   <subfield code="v">40000.00</subfield>
   <subfield code="w">2018-04-26</subfield>
   <subfield code="y">BK</subfield>
  </datafield>
  <datafield tag="952" ind1=" " ind2=" ">
   <subfield code="0">0</subfield>
   <subfield code="1">0</subfield>
   <subfield code="2">ddc</subfield>
   <subfield code="4">0</subfield>
   <subfield code="6">309_000000000000000_TH300_T_1</subfield>
   <subfield code="7">0</subfield>
   <subfield code="9">7673</subfield>
   <subfield code="a">000001</subfield>
   <subfield code="b">000001</subfield>
   <subfield code="d">2018-04-26</subfield>
   <subfield code="o">309 Th300/T.1</subfield>
   <subfield code="p">MD.11759</subfield>
   <subfield code="r">2018-04-26</subfield>
   <subfield code="v">40000.00</subfield>
   <subfield code="w">2018-04-26</subfield>
   <subfield code="y">BK</subfield>
  </datafield>
  <datafield tag="980" ind1=" " ind2=" ">
   <subfield code="a">Thư viện Trường Đại học Nam Cần Thơ</subfield>
  </datafield>
 </record>
</collection>
